00319nam a2200121Ia 4500008004100000100001400041245004400055250001200099260005000111650001200161942000700173999001700180190216s9999||||xx |||||||||||||| ||und|| aC.J .babu 0aThermal Statistical Solid State Physics a3rd Ed. bCalicut University Central Co-Operativec2000 aPhysics cBK c34651d34651